[Event "EIWCC 2018"]
[Site "Vysoke Tatry"]
[Date "2018.04.10"]
[Round "3"]
[White "Mammadova, Gulnar"]
[Black "Zawadzka, Jolanta"]
[Result "0-1"]
[WhiteElo "2360"]
[BlackElo "2442"]
[Annotator "TA"]
[PlyCount "80"]
[EventDate "2018.??.??"]
[EventType "swiss"]
[EventCountry "SVK"]
[SourceTitle "playchess.com"]
[Source "ChessBase"]
[SourceQuality "1"]

{[%evp 15,80,4,0,0,0,-6,-2,-52,-15,-33,-11,-20,-10,-25,-10,-11,-4,-6,-4,-9,-13,-11,-6,-13,-14,-16,-21,-20,-17,-39,-39,-42,-23,-20,-10,-17,-12,-25,-23,-116,-116,-100,-105,-93,-104,-117,-41,-127,-131,-259,-259,-259,-259,-312,-312,-308,-306,-298,-299,-431,-429,-583,-583,-583,-575,-575,-574]} 1. e4 c5 2. Nf3 e6 3. b3 Nc6 4. Bb2 d5 5. exd5 exd5 6. Bb5 {B40: Sicilian: 2...e6, Unusual lines} Nf6 7. O-O Bd6 8. Re1+ (8. Qe2+ Be6 9. Be5 Be7 10. Ng5 Bg4 11. f3 Bd7 12. Bxc6 Bxc6 13. Bxf6 gxf6 {½-½ (41) Antipov,M (2567)-Adhiban,B (2653) Wijk aan Zee 2016}) 8... Be6 {LiveBook: 8 Games} 9. d4 O-O 10. Nc3 $146 ({Find the theoretical novelty and annotate with similar games:} 10. Bxc6 bxc6 11. Nc3 Re8 12. Na4 cxd4 13. Qxd4 Qc7 {1-0 (40) Batyuk,A (2059)-Protasov,S (1616) Kimry 2014}) 10... cxd4 11. Na4 (11. Nxd4 Ng4 $11) 11... Qc7 {Black wants to play ...Bg4.} 12. h3 Ne4 13. Bxc6 bxc6 14. Qxd4 {[%csl Gb2][%cal Rd4g7]} f6 15. c4 Rae8 16. cxd5 Bxd5 17. Qd3 Re7 18. Re2 Rd8 19. Qc2 Rde8 20. Rae1 Qd7 21. Nc3 Nxc3 $1 22. Rxe7 Rxe7 23. Rxe7 Qxe7 24. Bxc3 Bc7 25. Qf5 Qd6 26. Qd3 h6 27. Kf1 {[#]} (27. Qa6 $11) 27... Bxb3 $1 $17 {[%mdl 512]} 28. Qa6 (28. axb3 Qxd3+) 28... Be6 29. Qxa7 Qd3+ 30. Kg1 Bf4 (30... Qxc3 $17 31. Qxc7 Bxa2 32. Qc8+ Kh7 33. Qf5+ Kh8) 31. Qa8+ (31. Qd4 $15 Qxd4 32. Nxd4 Bxa2 33. Nxc6) 31... Kh7 {( -> ...Bc4)} 32. Qxc6 (32. Qa5 $17 {was worth a try.}) 32... Bc4 $19 {[%csl Gc4][%cal Rd3f1]} (32... Bxa2 33. Ne1 $17) 33. Nd2 Bd5 $40 {[%mdl 128] White is in trouble.} ({And not} 33... Bxd2 34. Bxd2 Bxa2 35. Qc3 $11) ({Not} 33... Bxa2 34. Qe4+ Qxe4 35. Nxe4 $17) 34. Qd7 {Threatens to win with Bxf6.} Bxd2 ({Inferior is} 34... Qxc3 35. Qf5+ Kh8 36. Qxf4 $11) 35. Bxd2 Qxd2 36. Qf5+ Kh8 37. Qc8+ {[#]} (37. a3 $142) 37... Bg8 $1 {Black is clearly winning.} 38. a3 Qe1+ 39. Kh2 Qxf2 40. Qb8 Kh7 {Precision: White = 37%, Black = 62%.} 0-1

[Event "EIWCC 2018"]
[Site "Vysoke Tatry"]
[Date "2018.04.10"]
[Round "3"]
[White "Savina, Anastasia"]
[Black "Tsolakidou, Stavroula"]
[Result "1/2-1/2"]
[WhiteElo "2358"]
[BlackElo "2430"]
[Annotator "TA"]
[PlyCount "73"]
[EventDate "2018.??.??"]
[EventType "swiss"]
[EventCountry "SVK"]
[SourceTitle "playchess.com"]
[Source "ChessBase"]
[SourceQuality "1"]

{[%evp 25,73,32,33,49,65,64,125,66,51,75,64,65,70,72,73,-7,0,0,28,27,14,10,47,47,66,47,52,58,67,69,78,71,60,39,47,0,70,0,71,0,46,16,19,0,39,0,19,0,46,0]} 1. Nf3 Nf6 2. c4 e6 3. b3 a6 4. e3 c5 5. Bb2 d5 6. Be2 Nc6 7. cxd5 exd5 8. O-O Bd6 9. d4 cxd4 10. Nxd4 O-O 11. Nc3 {[%cal Bb1c3,Bc3e2,Be2f4][%mdl 32]} Re8 12. Rc1 {D32: Tarrasch Defence: Sidelines and lines without g3} Bc7 13. Nxc6 bxc6 {LiveBook: 4 Games} 14. Bf3 {[#]} h5 $146 ({Predecessor:} 14... Qd6) 15. Ne2 Qd6 (15... Bd7 $14) 16. g3 ({White should play} 16. Nf4 $16) 16... Bh3 $14 17. Bg2 Bg4 18. Qc2 Rac8 19. Nf4 Bb6 20. Bd4 (20. h3 $16 Bd7 21. Qd3) 20... Bxd4 $11 21. exd4 Qb4 (21... h4 $5) 22. h3 Bd7 23. Qc5 Qb8 24. h4 Bf5 25. Rfe1 $36 {[%mdl 2048] White has good play.} Rxe1+ 26. Rxe1 Re8 27. Rc1 Rc8 28. Bf3 g6 29. Re1 Re8 30. Rc1 Rc8 31. Re1 Re8 32. Rc1 (32. Ra1 $16) 32... Kg7 33. Qa5 Qa7 34. Qc5 Qb8 35. Qa5 Qa7 36. Qc5 Qb8 37. Qa5 {Precision: White = 38%, Black = 50%.} 1/2-1/2

[Event "EIWCC 2018"]
[Site "Vysoke Tatry"]
[Date "2018.04.10"]
[Round "3"]
[White "Mamedjarova, Zeinab"]
[Black "Rodshtein, Tereza"]
[Result "1-0"]
[WhiteElo "2355"]
[BlackElo "2226"]
[Annotator "NA"]
[PlyCount "45"]
[EventDate "2018.??.??"]
[EventType "swiss"]
[EventCountry "SVK"]
[SourceTitle "playchess.com"]
[Source "ChessBase"]
[SourceQuality "1"]
[TimeControl "40/5400+30:1800+30"]

1. d4 {[%emt 0:00:00]} d5 {[%emt 0:00:08]} 2. Nf3 {[%emt 0:00:00]} Nf6 {[%emt 0:00:49]} 3. e3 {[%emt 0:00:07]} c6 {[%emt 0:03:15]} 4. Bd3 {[%emt 0:01:12]} Bg4 {[%emt 0:00:57]} 5. O-O {[%emt 0:02:04]} e6 {[%emt 0:03:37]} 6. Nbd2 {[%emt 0:00:51]} Bd6 {[%emt 0:01:57]} 7. Re1 {[%emt 0:04:37]} O-O {[%emt 0:01:58]} 8. e4 {[%emt 0:05:36]} dxe4 {[%emt 0:00:19]} 9. Nxe4 {[%emt 0:00:05]} Nxe4 {[%emt 0:00:23]} 10. Bxe4 {[%emt 0:02:14]} Nd7 {[%emt 0:02:11]} 11. c3 {[%emt 0:03:53]} Re8 {[%emt 0:21:00]} 12. h3 {[%emt 0:11:51]} Bh5 {[%emt 0:00:50]} 13. Bd2 {[%emt 0:10:41]} e5 {[%emt 0:03:23]} 14. Qc2 {[%emt 0:11:51]} Bg6 {[%emt 0:02:48]} 15. dxe5 {[%emt 0:10:52]} Nxe5 {[%emt 0:00:51]} 16. Ng5 {[%emt 0:02:16]} Nc4 {[%emt 0:21:48]} 17. Bxg6 {[%emt 0:02:50]} hxg6 {[%emt 0:00:23]} 18. Rxe8+ {[%emt 0:06:26]} Qxe8 {[%emt 0:00:05]} 19. Re1 {[%emt 0:00:46]} Qd7 {[%emt 0:01:13]} 20. Qe4 {[%emt 0:03:25]} Bc5 {[%emt 0:18:43]} 21. Qh4 {[%emt 0:05:14]} Bxf2+ {[%emt 0:00:45]} 22. Kxf2 {[%emt 0:00:08]} Qxd2+ {[%emt 0:00:57]} 23. Re2 {[%emt 0:00:04]} 1-0

[Event "EIWCC 2018"]
[Site "Vysoke Tatry"]
[Date "2018.04.10"]
[Round "3"]
[White "Gara, Ticia"]
[Black "Vega Gutierrez, Sabrina"]
[Result "1/2-1/2"]
[WhiteElo "2330"]
[BlackElo "2425"]
[Annotator "TA"]
[PlyCount "143"]
[EventDate "2018.??.??"]
[EventType "swiss"]
[EventCountry "SVK"]
[SourceTitle "playchess.com"]
[Source "ChessBase"]
[SourceQuality "1"]

{[%evp 16,143,28,29,32,35,59,45,85,94,91,89,88,95,85,89,106,99,101,108,110,102,103,72,76,63,45,30,70,8,13,6,10,0,0,0,0,0,1,0,0,0,0,0,0,1,4,3,6,0,0,0,0,0,0,0,0,0,0,0,0,0,0,0,0,-8,-2,-8,0,0,0,0,0,0,0,0,0,0,0,0,0,0,0,0,0,0,0,0,0,0,539,134,241,241,480,480,480,480,480,480,480,480,480,480,480,480,480,480,480,480,480,480,4096,809,781,0,0,0,0,0,0,0,0,0,0,0,0,0,0,0]} 1. e4 c5 2. Nf3 e6 3. g3 Nc6 4. Bg2 Nf6 5. Qe2 d6 6. O-O Be7 7. c3 e5 {C00: French: Unusual White 2nd moves} 8. Rd1 (8. Na3 O-O 9. Nc2 Re8 10. Rd1 Bf8 11. d3 b5 12. a4 b4 13. cxb4 cxb4 {0-1 (23) Vachier Lagrave,M (2795)-Grischuk,A (2750) chess.com INT 2017}) 8... O-O 9. d4 {LiveBook: 7 Games} exd4 {White has an edge.} 10. cxd4 cxd4 11. Nxd4 Re8 $146 ({Find the theoretical novelty and annotate with similar games:} 11... Bg4 12. Bf3 Nxd4 13. Rxd4 Bxf3 14. Qxf3 Qb6 15. Rd1 {1-0 (47) Gharamian,T (2654)-Gulamali,K (2379) London 2015}) 12. Nc3 Bg4 13. f3 Bd7 14. Be3 Nxd4 15. Bxd4 Bc6 16. Qf2 Nd7 17. Rac1 Qa5 18. a3 {Strongly threatening b4.} a6 19. Be3 f5 20. Nd5 fxe4 21. fxe4 Bf6 22. Bd2 (22. Bh3 $14 Qd8 23. Bf5) 22... Qd8 $1 $11 23. Nxf6+ Qxf6 24. Bc3 Qxf2+ 25. Kxf2 Nc5 26. Bb4 Bxe4 27. Bxc5 dxc5 28. Rxc5 Rf8+ 29. Kg1 Bxg2 30. Kxg2 {[%mdl 4096] Endgame KRR-KRR} Rae8 31. Rd2 Re7 32. Rdc2 Rf6 33. Rc7 Rxc7 34. Rxc7 {KR-KR} b5 35. Ra7 h5 36. b4 Kh7 37. h4 Kg6 38. Kh3 Rc6 39. Kg2 Kf6 40. Kf2 g6 41. Rd7 Ke5 42. Ke3 Kf5 43. Rd5+ Kg4 44. Rg5+ Kh3 45. Rc5 Rf6 46. Rg5 Rc6 47. Rc5 Re6+ 48. Kf4 Rf6+ 49. Kg5 Rf3 50. Kxg6 Rxg3+ 51. Kxh5 Rxa3 52. Rc6 Ra4 $2 {[%mdl 8192] [#]} (52... Rd3 $11 {and Black is okay.}) 53. Rc3+ $2 (53. Kg5 $1 $18 {is the precise move to win. h5 is the strong threat.} Rxb4 54. h5) 53... Kg2 (53... Kh2 $16 {is a better defense.}) 54. Rb3 $18 Kf2 $2 (54... Ra2 55. Kg4 Re2 56. Rg3+ Kh2) 55. Kg6 a5 56. bxa5 Rxa5 57. h5 Ra6+ 58. Kg5 Rb6 59. h6 b4 60. h7 Rb5+ 61. Kg4 Rb8 62. Rh3 Rh8 63. Kg5 Ke2 {[#]} (63... Ke1 $142 64. Kg6 Rb8) 64. Kg6 $1 {[%cal Rg6g7]} Rb8 65. Rb3 $2 (65. Rh4 $18 b3 66. Rh3) 65... Rb6+ $11 {The position is equal.} 66. Kg5 Rb5+ 67. Kg4 Rb8 68. Rh3 {Black must now prevent Kf5.} Kd2 69. h8=Q Rxh8 70. Rxh8 b3 $1 71. Rb8 Kc2 72. Kf3 {Precision: White = 65%, Black = 67%.} 1/2-1/2

[Event "EIWCC 2018"]
[Site "Vysoke Tatry"]
[Date "2018.04.10"]
[Round "3"]
[White "Sliwicka, Alicja"]
[Black "Ptacnikova, Lenka"]
[Result "1/2-1/2"]
[WhiteElo "2329"]
[BlackElo "2198"]
[Annotator "NA"]
[PlyCount "110"]
[EventDate "2018.??.??"]
[EventType "swiss"]
[EventCountry "SVK"]
[SourceTitle "playchess.com"]
[Source "ChessBase"]
[SourceQuality "1"]
[TimeControl "40/5400+30:1800+30"]

1. e4 {[%emt 0:00:00]} c5 {[%emt 0:00:05]} 2. Nf3 {[%emt 0:00:00]} e6 {[%emt 0:00:09]} 3. d4 {[%emt 0:00:00]} cxd4 {[%emt 0:00:02]} 4. Nxd4 {[%emt 0:00:00]} a6 {[%emt 0:00:09]} 5. Bd3 {[%emt 0:00:07]} Nf6 {[%emt 0:00:25]} 6. O-O {[%emt 0:00:13]} Qc7 {[%emt 0:00:52]} 7. Nc3 {[%emt 0:00:30]} d6 {[%emt 0:01:05]} 8. f4 {[%emt 0:01:13]} Nc6 {[%emt 0:03:02]} 9. Nxc6 {[%emt 0:04:29]} Qxc6 {[%emt 0:04:38]} 10. Qe2 {[%emt 0:04:57]} Be7 {[%emt 0:06:15]} 11. Bd2 {[%emt 0:01:37]} O-O {[%emt 0:04:28]} 12. Rae1 {[%emt 0:03:20]} e5 {[%emt 0:00:58]} 13. f5 {[%emt 0:14:21]} b5 {[%emt 0:03:04]} 14. Nd5 {[%emt 0:07:21]} Bd8 {[%emt 0:07:41]} 15. Kh1 {[%emt 0:10:33]} Bb7 {[%emt 0:01:15]} 16. c4 {[%emt 0:10:57]} bxc4 {[%emt 0:06:21]} 17. Bxc4 {[%emt 0:00:08]} Nxd5 {[%emt 0:00:31]} 18. exd5 {[%emt 0:06:39]} Qd7 {[%emt 0:01:41]} 19. f6 {[%emt 0:03:58]} Bxf6 {[%emt 0:02:51]} 20. Rxf6 {[%emt 0:00:18]} gxf6 {[%emt 0:00:04]} 21. Qh5 {[%emt 0:01:34]} Qe7 {[%emt 0:06:18]} 22. Bh6 {[%emt 0:03:08]} Kh8 {[%emt 0:02:03]} 23. Bd3 {[%emt 0:01:35]} f5 {[%emt 0:00:42]} 24. Bxf5 {[%emt 0:05:54]} f6 {[%emt 0:01:22]} 25. Bxf8 {[%emt 0:01:48]} Rxf8 {[%emt 0:00:05]} 26. Be4 {[%emt 0:01:29]} f5 {[%emt 0:01:20]} 27. Bxf5 {[%emt 0:02:18]} Bxd5 {[%emt 0:01:27]} 28. Bh3 {[%emt 0:01:19]} Bxa2 {[%emt 0:06:04]} 29. Qe2 {[%emt 0:03:03]} Qf7 {[%emt 0:03:47]} 30. Qxa6 {[%emt 0:03:48]} Bc4 {[%emt 0:02:15]} 31. Qa1 {[%emt 0:00:31]} Qf2 {[%emt 0:06:43]} 32. Rg1 {[%emt 0:01:05]} Bb5 {[%emt 0:00:19]} 33. b3 {[%emt 0:01:23]} Qe3 {[%emt 0:08:17]} 34. Be6 {[%emt 0:01:45]} Bc6 {[%emt 0:00:34]} 35. Qd1 {[%emt 0:00:37]} d5 {[%emt 0:03:37]} 36. Rf1 {[%emt 0:01:37]} Rf2 {[%emt 0:02:22]} 37. Re1 {[%emt 0:02:10]} Qg5 {[%emt 0:04:51]} 38. Bxd5 {[%emt 0:00:45]} Rd2 {[%emt 0:00:34]} 39. Bxc6 {[%emt 0:00:24]} Rxd1 {[%emt 0:01:06]} 40. Rxd1 {[%emt 0:00:00]} Qe3 {[%emt 0:04:28]} 41. Bd5 {[%emt 0:05:59]} Kg7 {[%emt 0:04:51]} 42. h3 {[%emt 0:00:45]} e4 {[%emt 0:03:33]} 43. Bxe4 {[%emt 0:05:14]} Qxe4 {[%emt 0:00:16]} 44. Rf1 {[%emt 0:00:04]} Kg6 {[%emt 0:00:30]} 45. Rf3 {[%emt 0:00:09]} Qe1+ {[%emt 0:00:14]} 46. Kh2 {[%emt 0:00:05]} h5 {[%emt 0:00:18]} 47. h4 {[%emt 0:02:07]} Qxh4+ {[%emt 0:00:22]} 48. Rh3 {[%emt 0:00:09]} Qe1 {[%emt 0:00:31]} 49. Rf3 {[%emt 0:00:23]} Kg5 {[%emt 0:00:18]} 50. Rh3 {[%emt 0:00:20]} Kg4 {[%emt 0:02:04]} 51. Rf3 {[%emt 0:00:09]} h4 {[%emt 0:01:17]} 52. Rh3 {[%emt 0:00:05]} Qe5+ {[%emt 0:00:40]} 53. Kh1 {[%emt 0:00:30]} Qe1+ {[%emt 0:00:13]} 54. Kh2 {[%emt 0:00:04]} Qe5+ {[%emt 0:00:06]} 55. Kh1 {[%emt 0:00:04]} Qe1+ {[%emt 0:00:07]} 1/2-1/2

[Event "EIWCC 2018"]
[Site "Vysoke Tatry"]
[Date "2018.04.10"]
[Round "3"]
[White "Cibickova, Zuzana"]
[Black "Mrvova, Alena"]
[Result "1/2-1/2"]
[WhiteElo "2327"]
[BlackElo "2179"]
[Annotator "NA"]
[PlyCount "68"]
[EventDate "2018.??.??"]
[EventType "swiss"]
[EventCountry "SVK"]
[SourceTitle "playchess.com"]
[Source "ChessBase"]
[SourceQuality "1"]
[TimeControl "40/5400+30:1800+30"]

1. Nf3 {[%emt 0:00:00]} b6 {[%emt 0:03:16]} 2. e4 {[%emt 0:08:44]} c5 {[%emt 0:00:59]} 3. d4 {[%emt 0:00:52]} cxd4 {[%emt 0:02:08]} 4. Nxd4 {[%emt 0:00:05]} Bb7 {[%emt 0:02:42]} 5. Nc3 {[%emt 0:01:00]} Nc6 {[%emt 0:00:45]} 6. Be3 {[%emt 0:05:05]} g6 {[%emt 0:08:11]} 7. Nxc6 {[%emt 0:20:40]} dxc6 {[%emt 0:08:11]} 8. Bd4 {[%emt 0:03:32]} f6 {[%emt 0:05:57]} 9. Bc4 {[%emt 0:09:05]} Bg7 {[%emt 0:10:02]} 10. O-O {[%emt 0:10:14]} Nh6 {[%emt 0:02:15]} 11. f4 {[%emt 0:02:54]} Nf7 {[%emt 0:06:54]} 12. Be3 {[%emt 0:04:46]} Qxd1 {[%emt 0:04:20]} 13. Rfxd1 {[%emt 0:00:17]} Nd6 {[%emt 0:00:08]} 14. Be2 {[%emt 0:02:19]} O-O {[%emt 0:01:32]} 15. b3 {[%emt 0:08:27]} Rfd8 {[%emt 0:07:38]} 16. Bf3 {[%emt 0:00:47]} Nb5 {[%emt 0:14:12]} 17. Rxd8+ {[%emt 0:02:54]} Rxd8 {[%emt 0:00:05]} 18. Rd1 {[%emt 0:00:46]} Rxd1+ {[%emt 0:02:56]} 19. Nxd1 {[%emt 0:00:00]} c5 {[%emt 0:00:57]} 20. c3 {[%emt 0:03:28]} Kf7 {[%emt 0:03:40]} 21. Kf1 {[%emt 0:02:33]} Nd6 {[%emt 0:02:28]} 22. Nf2 {[%emt 0:00:09]} Nb5 {[%emt 0:00:08]} 23. Bd2 {[%emt 0:01:05]} Bh6 {[%emt 0:00:54]} 24. Ng4 {[%emt 0:04:05]} Bg7 {[%emt 0:00:11]} 25. Nf2 {[%emt 0:00:15]} Bc6 {[%emt 0:02:03]} 26. Ke2 {[%emt 0:01:48]} e6 {[%emt 0:01:33]} 27. Kd3 {[%emt 0:00:57]} Ke7 {[%emt 0:00:42]} 28. Be3 {[%emt 0:00:27]} Kd7 {[%emt 0:01:19]} 29. a4 {[%emt 0:02:56]} Nd6 {[%emt 0:00:58]} 30. a5 {[%emt 0:00:03]} Bb5+ {[%emt 0:00:59]} 31. Kc2 {[%emt 0:01:22]} Bc6 {[%emt 0:01:29]} 32. Kd3 {[%emt 0:00:16]} Bb5+ {[%emt 0:00:08]} 33. Kc2 {[%emt 0:02:45]} Bc6 {[%emt 0:00:14]} 34. Kd3 {[%emt 0:00:14]} Bb5+ {[%emt 0:00:19]} 1/2-1/2

[Event "EIWCC 2018"]
[Site "Vysoke Tatry"]
[Date "2018.04.10"]
[Round "3"]
[White "Charochkina, Daria"]
[Black "Bulmaga, Irina"]
[Result "0-1"]
[WhiteElo "2326"]
[BlackElo "2414"]
[Annotator "TA"]
[PlyCount "52"]
[EventDate "2018.??.??"]
[EventType "swiss"]
[EventCountry "SVK"]
[SourceTitle "playchess.com"]
[Source "ChessBase"]
[SourceQuality "1"]

{[%evp 13,52,6,0,-12,11,-25,-39,-40,-22,-29,-38,-39,-29,-88,-88,-71,-72,-240,-218,-269,-221,-161,-185,-327,-335,-318,-322,-486,-453,-1149,-1134,-1367,-1300,-1304,-1343,-1297,-1281,-29984,-29985,-29989,-29990]} 1. d4 Nf6 2. Bg5 d5 3. Bxf6 gxf6 4. e3 c5 5. dxc5 Nc6 6. c3 {D00: 1 d4 d5: Unusual lines} (6. Nf3 e5 7. Nc3 Be6 8. Na4 Qa5+ 9. c3 b5 10. cxb6 axb6 11. b4 Nxb4 12. Nd2 Nc6 13. Qb3 Qxa4 14. Qxa4 Rxa4 {0-1 (32) Moiseenko,A (2667)-Karjakin,S (2760) Riadh 2017}) 6... e6 7. b4 a5 {LiveBook: 3 Games} 8. Bb5 {The position is equal.} Bd7 9. Bxc6 Bxc6 10. Nf3 Rg8 11. O-O axb4 12. cxb4 d4 $1 13. Nbd2 $146 (13. b5 $11 Bxb5 14. exd4) ({Predecessor:} 13. Qe2) 13... dxe3 $17 14. fxe3 Qd3 15. e4 $2 {[#]} (15. Re1 $17 {is a better defense.}) 15... Bh6 $1 $19 {[%mdl 1024] And now ...0-0-0 would win. Black has strong compensation.} 16. Qe1 O-O-O 17. Rd1 f5 $40 {[%cal Bf6f5,Bf5e4][%mdl 160] Black goes for the king.} 18. Nb1 {[#]} (18. Nb3 {only move.} Be3+ 19. Kh1 Qxe4 20. Rxd8+ Kxd8 21. Qd1+ Bd5 22. Qe2) 18... Qc2 $1 {[%csl Gg8][%cal Rc2g2]} ({Weaker is} 18... Qxe4 19. Qxe4 Bxe4 20. Kf2 $17) 19. Rxd8+ Rxd8 20. Na3 (20. Qf2 $142 Qxe4 21. Kh1) 20... Qd3 21. Nb1 (21. exf5 $142 Rg8 22. Kh1 Qxa3 23. Qb1) 21... fxe4 22. Ne5 Qd4+ 23. Kh1 Qxe5 24. b5 Bxb5 25. Rxf7 Ba4 26. Nc3 {[#]} Qxc3 $1 {[%mdl 512] Precision: White = 23%, Black = 91%.} 0-1

[Event "EIWCC 2018"]
[Site "Vysoke Tatry"]
[Date "2018.04.10"]
[Round "3"]
[White "Babiy, Olga"]
[Black "Vidic, Teja"]
[Result "1-0"]
[WhiteElo "2318"]
[BlackElo "2176"]
[Annotator "NA"]
[PlyCount "63"]
[EventDate "2018.??.??"]
[EventType "swiss"]
[EventCountry "SVK"]
[SourceTitle "playchess.com"]
[Source "ChessBase"]
[SourceQuality "1"]
[TimeControl "40/5400+30:1800+30"]

1. e4 {[%emt 0:00:00]} e5 {[%emt 0:00:04]} 2. Nf3 {[%emt 0:00:00]} Nc6 {[%emt 0:00:04]} 3. Bb5 {[%emt 0:00:00]} a6 {[%emt 0:00:10]} 4. Ba4 {[%emt 0:00:00]} b5 {[%emt 0:00:04]} 5. Bb3 {[%emt 0:00:00]} g6 {[%emt 0:00:04]} 6. c3 Bg7 {[%emt 0:00:10]} 7. d4 {[%emt 0:00:31]} exd4 {[%emt 0:00:04]} 8. cxd4 {[%emt 0:00:06]} Na5 {[%emt 0:00:06]} 9. d5 {[%emt 0:10:27]} Nxb3 {[%emt 0:03:14]} 10. Qxb3 {[%emt 0:00:16]} d6 {[%emt 0:04:13]} 11. O-O {[%emt 0:03:06]} Ne7 {[%emt 0:06:16]} 12. Bd2 {[%emt 0:04:01]} O-O {[%emt 0:02:27]} 13. Bc3 {[%emt 0:00:45]} c5 {[%emt 0:09:34]} 14. dxc6 {[%emt 0:01:09]} Be6 {[%emt 0:00:14]} 15. Qa3 {[%emt 0:04:31]} Bxc3 {[%emt 0:05:09]} 16. Nxc3 {[%emt 0:00:30]} Nxc6 {[%emt 0:01:33]} 17. Nd5 {[%emt 0:00:21]} Bxd5 {[%emt 0:07:30]} 18. exd5 {[%emt 0:00:09]} Na5 {[%emt 0:01:42]} 19. b3 {[%emt 0:04:50]} Rb8 {[%emt 0:17:18]} 20. Nd4 {[%emt 0:04:45]} b4 {[%emt 0:01:24]} 21. Qa4 {[%emt 0:06:06]} Qb6 {[%emt 0:01:19]} 22. Rfd1 {[%emt 0:00:12]} Nb7 {[%emt 0:01:39]} 23. Qd7 {[%emt 0:02:44]} Nc5 {[%emt 0:00:58]} 24. Qg4 {[%emt 0:00:49]} Rbe8 {[%emt 0:04:04]} 25. Nc6 {[%emt 0:20:31]} Re4 {[%emt 0:14:34]} 26. Qg3 {[%emt 0:00:11]} Nb7 {[%emt 0:02:54]} 27. Re1 {[%emt 0:01:55]} Rfe8 {[%emt 0:00:44]} 28. Rxe4 {[%emt 0:00:14]} Rxe4 {[%emt 0:00:03]} 29. Qf3 {[%emt 0:00:12]} Re8 {[%emt 0:00:46]} 30. Qf6 {[%emt 0:03:59]} Re2 {[%emt 0:02:02]} 31. Ne7+ {[%emt 0:03:30]} Kf8 {[%emt 0:00:34]} 32. Nc8 {[%emt 0:00:16]} 1-0